ՀՀ Գիտությունների ազգային ակադեմիայի հիմնարար գիտական գրադարան  =   Fundamental Scientific Library of NAS RA

Периодическая система элементов : (Record no. 515995)

MARC details
000 -LEADER
fixed length control field 00866nam a2200241 u 4500
001 - CONTROL NUMBER
control field 000145601
003 - CONTROL NUMBER IDENTIFIER
control field AM-YEHGA
005 - DATE AND TIME OF LATEST TRANSACTION
control field 20250617164004.0
008 - FIXED-LENGTH DATA ELEMENTS--GENERAL INFORMATION
fixed length control field 030329s1933 ||||||||||||||||||||rus c
040 ## - CATALOGING SOURCE
Original cataloging agency AM-YeHGA
041 1# - LANGUAGE CODE
Language code of text/sound track or separate title rus
Language code of original ger
090 ## - LOCALLY ASSIGNED LC-TYPE CALL NUMBER (OCLC); LOCAL CALL NUMBER (RLIN)
-- 519536
100 1# - MAIN ENTRY--PERSONAL NAME
Personal name Рабинович, Е.
245 10 - TITLE STATEMENT
Title Периодическая система элементов :
Remainder of title История и теория /
Statement of responsibility, etc. Е. Рабинович и Э. Тило ; Пер. с нем. И.М. Франка и др.
246 35 - VARYING FORM OF TITLE
Title proper/short title Periodisches System
260 ## - PUBLICATION, DISTRIBUTION, ETC.
Place of publication, distribution, etc. Ленинград ;
-- Москва :
Name of publisher, distributor, etc. Гостехиздат,
Date of publication, distribution, etc. 1933.
300 ## - PHYSICAL DESCRIPTION
Extent кн.
440 #0 - SERIES STATEMENT/ADDED ENTRY--TITLE
Title Современная физика
505 10 - FORMATTED CONTENTS NOTE
Miscellaneous information Кн. 4 (1933, 409 с.)
650 14 - SUBJECT ADDED ENTRY--TOPICAL TERM
Topical term or geographic name entry element Теоретическая химия
700 1# - ADDED ENTRY--PERSONAL NAME
Personal name Тило, Э.
700 1# - ADDED ENTRY--PERSONAL NAME
Personal name Франк, И.М.
Relator term пер.
Relationship trl
Holdings
Withdrawn status Lost status Damaged status Not for loan Collection Home library Current library Date acquired Serial enumeration / chronology Total checkouts Full call number Barcode Date last seen Price effective from Koha item type Public note
        General Fundamental Scientific Library Fundamental Scientific Library 29/09/2021 Кн. 4   РII/62771 FL0658141 29/09/2021 29/09/2021 Գրքեր / Books 30 Days Loan


ՀՀ ԳԱԱ հիմնարար գիտական գրադարան
ՀՀ,Երևան 0019
Մարշալ Բաղրամյան 24/6
հեռախոս:(374-10) 52-47-50
Հետադարձ կապ

All site content, except where otherwise noted, is licensed under a
Creative Commons License